| 000 | 00367nam a2200157Ia 4500 | ||
|---|---|---|---|
| 008 | 230711s9999||||xx |||||||||||||| ||und|| | ||
| 041 | _aENG | ||
| 082 |
_a720 _bPR-Y |
||
| 100 | _aPrina,Francesca | ||
| 245 | 0 | _a1000 years of world Architecture | |
| 250 | _a1st | ||
| 260 |
_c2005 _aLondon _bThames & Hudson |
||
| 300 | _a429 | ||
| 650 | _aArchitecture | ||
| 942 | _cBK | ||
| 999 |
_c5357 _d5357 |
||